01216nam a22002417a 4500003001700000005001700017008004100034020001800075040000700093041001200100082001600112100002500128245001200153260003600165300002700201365006200228520044000290650003100730700003100761942001200792999001900804952015100823St Aloysius Coll20260122143723.0260119b |||||||| |||| 00| 0 eng d a9781529447774 cAL aEnglish a793.7bMOOP aGareth Moore9251754 aPurrdle aGreat BritainbGreenfinchc2025 a207p.bPBc19.5x12.7cm 2Generala5468b₹399.00c₹d₹499.00e20%f10/01/2026 aFollowing the international success of Meowdle comes Purrdle. 75 feline crime puzzles with more grit and even sharper claws. This book is packed with a variety of engaging brainteasers, each inspired by the playful antics and cleverness of our beloved feline friends. Perfect for fans of Meowdle, cat lovers and puzzle enthusiasts alike, this book promises hours of fun and intrigue in the company of some of the craftiest cats around. 2Indoor GamesaArts9251755 aAyres, Laura Jayne9251756 2ddccBK c240791d240791 00102ddc40708MAENGaSACPGbSACPGd2026-01-14eBiblios Book Pointg399.00l0o793.7 MOOPpPG025155r2026-01-19 17:31:48v499.00w0000-00-00yBK